Zastávka horskej električky a trolejové vedenie

Salvato in:
Dettagli Bibliografici
Autore principale: Andrejo, Ľudovít (Autore)
Altri autori: Paliatka, Peter (Relatore della tesi)
Natura: Manoscritto Libro
Lingua:slovacco
Pubblicazione: Bratislava 2018
Soggetti:
Accesso online:http://is.stuba.sk/zp/portal_zp.pl?podrobnosti=133771
Tags: Aggiungi Tag
Nessun Tag, puoi essere il primo ad aggiungerne!!

MARC

LEADER 00000ntm a22000003a 4500
001 stuzp70768
003 SK-STU
005 20210115113259.5
007 ta
008 150427s2015----xo-----f-mn---000-0-slo-d
040 |a STU  |b slo 
041 0 |a slo 
100 1 |a Andrejo, Ľudovít  |u 059190  |4 aut  |U FAD Fakulta architektúry  |T FA Ústav dizajnu  |X 77231  |U A9190  |Y 400  |7 77231 
242 0 1 |a The stop of mountain tram and overhead contact line  |y eng 
245 1 0 |a Zastávka horskej električky a trolejové vedenie 
260 |c 2018  |a Bratislava 
650 4 |a električka  |2 slo 
650 4 |a dizajn  |2 slo 
650 4 |a zastávka  |2 slo 
650 4 |a transport  |2 eng 
650 4 |a geometry  |2 eng 
650 4 |a tram stop  |2 eng 
700 1 |a Paliatka, Peter  |u 059190  |k Z1  |4 ths  |U FAD Fakulta architektúry  |T FA Ústav dizajnu  |X 332  |U A9190  |Y 400  |7 A000000332 
856 4 |u http://is.stuba.sk/zp/portal_zp.pl?podrobnosti=133771  |u https://opac.crzp.sk/?fn=detailBiblioForm&sid=233ADDCA5EB56A1008E93131D49A